[Event "FIN-chT 1415"]
[Site "Finland"]
[Date "2014.11.16"]
[Round "6.7"]
[White "Kilpi, Teemu"]
[Black "Salimaki, Janne"]
[Result "1/2-1/2"]
[WhiteElo "2135"]
[BlackElo "2131"]
[PlyCount "63"]
[EventDate "2014.09.27"]
[EventType "team-tourn"]
[EventRounds "11"]
[EventCountry "FIN"]
[SourceTitle "EXT 2016"]
[Source "ChessBase"]
[SourceDate "2015.10.08"]
[SourceVersion "1"]
[SourceVersionDate "2015.10.08"]
[SourceQuality "1"]
[WhiteTeam "Oulu OSS"]
[BlackTeam "Espoo MatSK II"]
[WhiteTeamCountry "FIN"]
[BlackTeamCountry "FIN"]

1. d4 e6 2. c4 b6 3. Nc3 Bb7 4. f3 Bb4 5. e3 Qh4+ 6. g3 Bxc3+ 7. bxc3 Qh5 8. e4 f5 9. exf5 Qxf5 10. Bd3 Qf7 11. Bf4 d6 12. Be4 d5 13. cxd5 exd5 14. Bd3 Nc6 15. Nh3 Qe6+ 16. Qe2 Qxe2+ 17. Kxe2 0-0-0 18. Ng5 Re8+ 19. Kf2 Nf6 20. Rhe1 Nh5 21. Rxe8+ Rxe8 22. Bd2 Nf6 23. Re1 h6 24. Rxe8+ Nxe8 25. Bg6 Nd6 26. Ne6 Ne7 27. Bd3 g5 28. h4 gxh4 29. gxh4 Nef5 30. h5 Kd7 31. Nf4 c5 32. dxc5 1/2-1/2

[Event "FIN-chT 1415"]
[Site "Finland"]
[Date "2014.10.18"]
[Round "3.6"]
[White "Kilpi, Teemu"]
[Black "Nokka, Risto"]
[Result "1/2-1/2"]
[WhiteElo "2135"]
[BlackElo "2245"]
[PlyCount "47"]
[EventDate "2014.09.27"]
[EventType "team-tourn"]
[EventRounds "11"]
[EventCountry "FIN"]
[SourceTitle "EXT 2016"]
[Source "ChessBase"]
[SourceDate "2015.10.08"]
[SourceVersion "1"]
[SourceVersionDate "2015.10.08"]
[SourceQuality "1"]
[WhiteTeam "Oulu OSS"]
[BlackTeam "Vantaa EtVaS"]
[WhiteTeamCountry "FIN"]
[BlackTeamCountry "FIN"]

1. d4 Nf6 2. c4 c5 3. d5 b5 4. cxb5 a6 5. f3 g6 6. e4 d6 7. a4 Bg7 8. Na3 0-0 9. Ne2 axb5 10. Nxb5 Na6 11. Nec3 Nc7 12. Bc4 Nxb5 13. Bxb5 Ba6 14. 0-0 Bxb5 15. Nxb5 Ne8 16. Qc2 Nc7 17. Bd2 Nxb5 18. axb5 Qb6 19. Qc4 Rfb8 20. Rxa8 Rxa8 21. Be3 Ra5 22. b4 Qxb5 23. Qxb5 Rxb5 24. bxc5 1/2-1/2

[Event "FIN-chT 1213"]
[Site "Finland"]
[Date "2012.10.28"]
[Round "5.5"]
[White "Kilpi, Teemu"]
[Black "Saastamoinen, Aarne"]
[Result "1/2-1/2"]
[WhiteElo "2141"]
[BlackElo "2135"]
[PlyCount "67"]
[EventDate "2012.09.28"]
[EventType "team-tourn"]
[EventRounds "11"]
[EventCountry "FIN"]
[SourceTitle "EXT 2013"]
[Source "ChessBase"]
[SourceDate "2012.11.22"]
[SourceVersion "1"]
[SourceVersionDate "2012.11.22"]
[SourceQuality "1"]
[WhiteTeam "Oulu OSS"]
[BlackTeam "Joensuu SK"]
[WhiteTeamCountry "FIN"]
[BlackTeamCountry "FIN"]

1. d4 Nf6 2. c4 e6 3. Nc3 Bb4 4. Qc2 0-0 5. a3 Bxc3+ 6. Qxc3 b6 7. Bg5 Bb7 8. f3 d5 9. e3 h6 10. Bh4 Nbd7 11. cxd5 exd5 12. Bd3 c5 13. Ne2 Re8 14. 0-0 Qe7 15. Bf2 Rac8 16. Qd2 Nf8 17. dxc5 bxc5 18. Ng3 g6 19. Rfe1 Qd6 20. Qa5 Qb6 21. Qxb6 axb6 22. Bb5 Bc6 23. Bxc6 Rxc6 24. Ne2 Rd8 25. Red1 Ne6 26. Rd2 Rcd6 27. Rad1 R6d7 28. Bh4 g5 29. Bg3 Kf8 30. Be5 Ne8 31. Ng3 f6 32. Bc3 Kf7 33. Nf5 Kg6 34. g4 1/2-1/2

[Event "FIN-chT 1213"]
[Site "Finland"]
[Date "2012.09.30"]
[Round "3.5"]
[White "Ahvenjarvi, Jani"]
[Black "Kilpi, Teemu"]
[Result "1-0"]
[WhiteElo "2210"]
[BlackElo "2141"]
[PlyCount "77"]
[EventDate "2012.09.28"]
[EventType "team-tourn"]
[EventRounds "11"]
[EventCountry "FIN"]
[SourceTitle "CBM 150 Extra"]
[Source "ChessBase"]
[SourceDate "2012.10.19"]
[SourceVersion "1"]
[SourceVersionDate "2012.10.19"]
[SourceQuality "1"]
[WhiteTeam "Tammer Shakki"]
[BlackTeam "Oulu OSS"]
[WhiteTeamCountry "FIN"]
[BlackTeamCountry "FIN"]

1. e4 Nf6 2. e5 Nd5 3. d4 d6 4. Nf3 dxe5 5. Nxe5 g6 6. Bc4 c6 7. 0-0 Bg7 8. Nd2 Nd7 9. Nef3 0-0 10. Re1 N7b6 11. Bb3 Nc7 12. Ne4 Be6 13. Nc5 Bc8 14. Bg5 Nbd5 15. Qd2 Ne6 16. Nxe6 Bxe6 17. Bh6 Re8 18. Bxg7 Kxg7 19. h4 Qd6 20. Ng5 Bf5 21. Rad1 h6 22. Nxf7 Kxf7 23. c4 Kg7 24. cxd5 cxd5 25. Re5 e6 26. Rde1 Rf8 27. f3 h5 28. Bc2 Rac8 29. Bxf5 exf5 30. Qg5 Qf6 31. Rxd5 Qxg5 32. hxg5 Rf7 33. Rd6 Rc2 34. Ree6 Rxb2 35. Rxg6+ Kf8 36. Rh6 Rc7 37. Kh2 Rcc2 38. Kg3 Rxg2+ 39. Kf4 1-0

[Event "FIN-chT 1213"]
[Site "Finland"]
[Date "2012.09.29"]
[Round "2.5"]
[White "Kilpi, Teemu"]
[Black "Jarvenpaa, Jari"]
[Result "0-1"]
[WhiteElo "2141"]
[BlackElo "2276"]
[PlyCount "52"]
[EventDate "2012.09.28"]
[EventType "team-tourn"]
[EventRounds "11"]
[EventCountry "FIN"]
[SourceTitle "CBM 150 Extra"]
[Source "ChessBase"]
[SourceDate "2012.10.19"]
[SourceVersion "1"]
[SourceVersionDate "2012.10.19"]
[SourceQuality "1"]
[WhiteTeam "Oulu OSS"]
[BlackTeam "Salo SK"]
[WhiteTeamCountry "FIN"]
[BlackTeamCountry "FIN"]

1. d4 d5 2. c4 dxc4 3. e4 e5 4. Nf3 exd4 5. Bxc4 Nc6 6. 0-0 Bc5 7. Qb3 Qf6 8. Re1 Nge7 9. e5 Qf5 10. Bd3 Qh5 11. Ng5 h6 12. Ne4 Bb6 13. Ng3 Qg4 14. Re4 Qe6 15. Bc4 Qg6 16. Bd2 Be6 17. Bxe6 Qxe6 18. Qxe6 fxe6 19. Na3 0-0 20. Nc4 Nd5 21. Rd1 Bc5 22. b3 a5 23. Kf1 b5 24. Nxa5 Nxa5 25. b4 Nc4 26. bxc5 Nde3+ 0-1